000 00407nam a2200109Ia 4500
008 171211s9999 xx 000 0 und d
245 _aCyber Security Policy Guidebook
245 _cJason Healey, Jeffrey Schmidt, Jennifer L. Bayuk, Joseph Weiss, Marcus H. Sachs, and Paul Rohmeyer
260 _c2012
650 _xIT eBOOKS
856 _uhttp://down.ebook777.com/020/Cyber%20Security%20Policy%20Guidebook.pdf
999 _c349861
_d349861